000 01003nam2a22002411 4500
001 RU\NLR\INFOCOMM17\1000386357
005 20250617160312.0
035 _a(NLR Aleph) 002762310
090 _a2243126
_c2243126
100 _a20040205d1961 |||y0rusy50 ca
101 0 _arus
102 _aRU
105 _ay |||||||||
200 1 _aИсследования по электроизмерительным приборам
210 _d1961
_aБ. м.
461 0 _1001RU\NLR\INFOCOMM17\1000386353
_12001#$aСборник научных трудов$fВНИИ электроизмер. приборов$vВып.4
_92243117
_aВНИИ электроизмерительных приборов (Ленинград)
_cЛ.
_d1959-
_fВНИИ электроизмер. приборов
_tСборник научных трудов
_x0203-1264
_vВып.4
801 1 _aRU
_bInfoComm
_c20040205
801 0 _aRU
_bNLR
_gPSBO
852 _aNLR
_jП10/2166
942 _cISSUE
980 _aNB
980 _aRUSPER